| 000 | 00990nam a2200229Ia 4500 | ||
|---|---|---|---|
| 001 | 1412 | ||
| 005 | 20260415142502.0 | ||
| 008 | 260306t2009||||xx |||||||||||||| ||spa|| | ||
| 041 | _aESP | ||
| 082 |
_a150 _bM86 2009 |
||
| 100 |
_aMorris, Charles G. _eAUT |
||
| 245 | 0 | _aPsicología | |
| 260 | _c2009 | ||
| 300 |
_axx, 719 páginas : _c27 cm. |
||
| 650 | _aGEN | ||
| 654 | _aCPS | ||
| 856 |
_uhttps://itmsp.museknowledge.com/UCSP?url=https://www.ebooks7-24.com:443/?il=3705&pg=1 _zVersión digital (2014) |
||
| 856 |
_uhttps://0u213wkng-y-https-ebooks7--24-com.itmsp.museknowledge.com/biblioteca.aspx _zVéase además: Base de datos Ebook7-24 |
||
| 856 |
_uhttps://0u20fwknl-y-https-research-ebsco-com.itmsp.museknowledge.com/c/qxo6us/search _zVéase además: Base de datos EBSCOhost |
||
| 856 |
_uhttps://0u20vwklx-y-https-ebookcentral-proquest-com.itmsp.museknowledge.com/lib/catolicasp/home.action _zVéase además: Base de datos ProQuest Ebook Central |
||
| 942 |
_cLIB _dJUS _fJUS _2ddc |
||
| 999 |
_c1412 _d1412 |
||